1504 1858 1275 1311 1081 1466 1132 1765 1900 1369 1445 1403 1435 1865 1798 1876 1814 1690 1929 1452 1209 1029 1573 1625 1286 1094 1367 1076 1403 1798 1191 1503 1405 1094 1193 1344 1466 1744 1167 1511 1363 1185 1101 1533 1203 1706 1003 1401 1400 1743 1042 1996 1460 1547 1107 1080 1662 1202 1528 1268 1065 1125 1182 1477 1021 1176 1306 1572 1911 1393 1176 1490 1739 1602 1427 1998 1844 1562 1650 1609 1258 1736 1957 1331 1426 1887 1196 1439 1068 1202 1912 1988 1322 1782 1588 1643 1175 1412 1686 BCNSPRNW ULIB Ver.6.0+V

เปลี่ยนเป็นภาษาไทย

Change to English
 แสดงรายละเอียดบรรณานุกรม
  กลับหน้าหลัก

Brief Record : Get Marc (ISO 2709) : E-mail record : QR code < ปิดหน้าต่าง
LEADER : 00000nam 2200000uu 4500
001    13399111124
003     ULIB
008    110616s2553||||th 000 0 tha d
024    9786165290302
060  4 WU29^bก136ล 2553
100 0  กมลชนก เดียวสุรินทร์
245 00 ลูกฟันสวยสุขภาพฟันดีพ่อแม่เสกได้/^cกมลชนก เดียวสุรินทร์
260    กรุงเทพฯ :^bอมรินทร์สุขภาพ,^c2553
300    149 หน้า:^bภาพประกอบ
650  7 ฟัน^xเด็ก^zการดูแล
945    ^p135^l0^i027942
945    ^p135^l0^i027941
995    เกษร
999 ^a ใช้งานได้ทุกระบบ
รายการนี้ยังไม่มีแท็ก
คุณยังไม่ได้ล็อกอิน คุณสามารถมีกิจกรรมร่วมกับเว็บไซต์ได้ แต่ต้องล็อกอินก่อน ::
  ล็อกอิน

รายการสื่อสารสนเทศ

ลำดับที่ ประเภท เลขเรียก/บาร์โค้ด สถานที่ สถานะ
1. วิทยาศาสตร์การแพทย์ และสุขภาพ
หนังสือสำรอง
สถานะ=หนังสือสำรอง
WU29 ก136ล 2553 ฉ.1 
  Barcode: 027941
ห้องสมุดวิทยาเขตสวรรค์ประชารักษ์
►ส่วนจัดเก็บหนังสือเก่า สปร
บนชั้น
  ขอยืม
2. วิทยาศาสตร์การแพทย์ และสุขภาพ
วิทยาศาสตร์การแพทย์ และสุขภาพ
WU29 ก136ล 2553 ฉ.2 
  Barcode: 027942
ห้องสมุดวิทยาเขตสวรรค์ประชารักษ์
►ส่วนจัดเก็บหนังสือเก่า สปร
บนชั้น
  ขอยืม

BibComment


ยังไม่เคยถูกคอมเมนท์

คอมเมนท์ทรัพยากรรายการนี้
  คอมเมนท์: ลูกฟันสวยสุขภาพฟั..


 Copyright 2026. Bcnsprnw @Library